Unidade 6.1 - Statistics

Estatísticas Gerais
  • Esse quiz foi jogado 37 vezes
    31 desde o último reset
  • A pontuação média é 32 de 56
Estatísticas das Respostas
Hint Resposta % Correto
C2 Navio Escola Brasil (NE Brasil)
100%
7º DN Brasília
94%
A7 Comando da Força Aeronaval (ComForAer)
94%
A8 Comando da Força de Submarinos (ComForS)
94%
A9 Comando da Força de Superfície (ComForSup)
94%
6º DN Ladário
94%
3º DN Natal
94%
1º DN Rio de Janeiro
94%
5º DN Rio Grande
94%
2º DN Salvador
94%
8º DN São Paulo
94%
4º DN Belém
88%
A10 Comando da 1ª Divisão (ComDiv-1)
88%
A11 Comando da 2ª Divisão (ComDiv-2)
88%
9º DN Manaus
88%
A4 Base Naval do Rio de Janeiro (BNRJ)
82%
A1 Centro de Adestramento Almirante Marques de Leão (CAAML)
82%
A3 Centro de Apoio a Sistemas Operativos (CASOP)
82%
B7 Centro de Instrução Almirante Áttila Monteiro Aché (CIAMA)
76%
A6 Unidade Médica da Esquadra (UMEsq)
76%
A5 Centro de Manutenção de Embarcações Miúdas (CMEM)
71%
B6 Grupamento de Mergulhadores de Combate (GRUMEC)
71%
A2 Centro de Intendência da Marinha em Niterói (CeIMNi)
65%
C3 Navio Veleiro Cisne Branco (NVe Cisne Branco)
65%
B3 Submarino Riachuelo
59%
C4 Comando do 1º Esquadrão de Escolta (ComEsqdE-1)
53%
C5 Comando do 2º Esquadrão de Escolta (ComEsqdE-2)
53%
B4 Submarino Humaita
53%
B2 Submarino Tikuna
53%
B1 Submarino Tupi
53%
B5 Base de Submarino Almirante Castro e Silva (BACS)
47%
C1 Navio Aeródromo Multipropósito Atlântico (NAM Atlântico)
47%
B10 Base de Submarino da Ilha da Madeira (BSIM)
41%
E2 Fragata Constituição
41%
E1 Fragata Defensora
41%
E4 Fragata Independência
41%
E3 Fragata Liberal
41%
F1 Fragata Rademaker
41%
E5 Fragata União
41%
G1 Navio Doca Multipropósito Bahia (NDM Bahia)
41%
C6 Comando do 1º Esquadrão de Apoio (ComEsqdAp-1)
35%
F3 Corveta Barroso
29%
F2 Corveta Julio de Noronha
29%
G7 Embarcação de Desembarque de Carga Geral Camboriu (EDCG Camboriu)
29%
G5 Embarcação de Desembarque de Carga Geral Guarapari (EDCG Guarapari)
29%
G4 Embarcação de Desembarque de Carga Geral Marambaia (EDCG Marambaia)
29%
B8 Navio de Socorro Submarino Guillobel (NSS Guillobel)
29%
G3 Navio Tanque Almirante Gastão Motta (NT Alte Gastão Motta)
29%
G6 Embarcação de Desembarque de Carga Geral Tambau (EDCG Tambau)
24%
G2 Navio de Desembarque de Carro de Combate Almirante Saboia (NDCC Alte Saboia)
18%
B9 Aviso de Apoio Costeiro Almirante Hess (AvApCo Alte Hess)
12%
D3 Base Aeronaval de São Pedro da Aldeia (BAeNSPA)
12%
D4 Centro de Instrução e Adestramento Aeronaval (CIAAN)
12%
D1 Centro de Intendência da Marinha de São Pedro da Aldeia (CeIMSPA)
12%
D2 Grupo Aeronaval de Manutenção (GAerNavMan)
12%
D5 Policlínica Naval de São Pedro da Aldeia (PNSPA)
12%
Nenhum quiz correspondente encontrado
Distribuição das Pontuações
Porcentagem de Pessoas com Cada Pontuação
Percentil de Números Respondidos
Sua Pontuação Histórica
Você não jogou esse quiz desde o último reset